| 000 | 00373 a2200133 4500 | ||
|---|---|---|---|
| 001 | 56270 | ||
| 082 | _a621.38412 DYE | ||
| 090 |
_c34792 _d34792 |
||
| 100 |
_aDye, Norman _aHelge Grandberg |
||
| 245 | _aRadio frequency transistors; principles and practical applications, 2/e | ||
| 250 | _a2 | ||
| 260 |
_aBoston _bNnewnes _c2000 |
||
| 300 | _axiii, 293 p. ; ill. ; Hb | ||
| 942 |
_aNUST-CAE _k621.38412 DYE |
||
| 999 |
_c291343 _d291343 |
||